000 00400nam a2200193Ia 4500
005 20251020182547.0
008 200515s9999 xx 000 0 und d
082 _a75/C73
100 _aCOMAMALA, Juan T.
245 0 _aPintando al óleo
250 _a6a ed.
260 _aBarcelona
260 _c1979
300 _a205
650 _aDIBUJO
650 _aLIB
650 _aOLEO
942 _cLIB
999 _c2602
_d2602